[Event "Top 12 2021"]
[Site "Chalons en Champagne, France"]
[Date "2021.07.03"]
[Round "10.45"]
[White "Daulyte-Cornette, Deimante"]
[Black "Boukhris-Ferre, Yacine AGE"]
[Result "1-0"]
[WhiteElo "2394"]
[BlackElo "2185"]

1. e4 {[%clk 01:30:57]} {[%emt 00:00:02]} Nf6 {[%clk 01:30:55]} {[%emt
00:00:06]} 2. Nc3 {[%clk 01:29:17]} {[%emt 00:02:10]} d5 {[%clk 01:29:56]}
{[%emt 00:01:29]} 3. e5 {[%clk 01:28:23]} {[%emt 00:01:23]} Ne4 {[%clk
01:29:52]} {[%emt 00:00:34]} 4. Nce2 {[%clk 01:25:18]} {[%emt 00:03:35]} f6
{[%clk 01:29:40]} {[%emt 00:00:43]} 5. d3 {[%clk 01:24:34]} {[%emt 00:01:13]}
Ng5 {[%clk 01:30:01]} {[%emt 00:00:09]} 6. f4 {[%clk 01:22:44]} {[%emt
00:02:20]} Nf7 {[%clk 01:29:21]} {[%emt 00:01:11]} 7. d4 {[%clk 01:22:31]}
{[%emt 00:00:43]} c5 {[%clk 01:18:38]} {[%emt 00:11:13]} 8. c3 {[%clk
01:22:22]} {[%emt 00:00:39]} Nc6 {[%clk 01:18:03]} {[%emt 00:01:06]} 9. Be3
{[%clk 01:21:32]} {[%emt 00:01:19]} cxd4 {[%clk 01:15:54]} {[%emt 00:02:39]} 10.
cxd4 {[%clk 01:20:53]} {[%emt 00:01:08]} e6 {[%clk 01:11:52]} {[%emt 00:04:33]}
11. Nf3 {[%clk 01:18:57]} {[%emt 00:02:25]} Bb4+ {[%clk 01:11:34]} {[%emt
00:00:48]} 12. Nc3 {[%clk 01:16:47]} {[%emt 00:02:41]} O-O {[%clk 00:54:53]}
{[%emt 00:17:12]} 13. Be2 {[%clk 01:10:03]} {[%emt 00:07:14]} Bd7 {[%clk
00:49:44]} {[%emt 00:05:40]} 14. O-O {[%clk 01:09:00]} {[%emt 00:01:32]} Rc8
{[%clk 00:49:56]} {[%emt 00:00:18]} 15. Rc1 {[%clk 01:07:19]} {[%emt 00:02:11]}
Ba5 {[%clk 00:42:58]} {[%emt 00:07:29]} 16. Na4 {[%clk 01:03:33]} {[%emt
00:04:15]} Bb6 {[%clk 00:43:07]} {[%emt 00:00:22]} 17. Nxb6 {[%clk 00:52:49]}
{[%emt 00:11:13]} Qxb6 {[%clk 00:41:57]} {[%emt 00:01:40]} 18. Qd2 {[%clk
00:52:50]} {[%emt 00:00:29]} Ne7 {[%clk 00:37:44]} {[%emt 00:04:42]} 19. Bf2
{[%clk 00:48:14]} {[%emt 00:05:06]} f5 {[%clk 00:33:25]} {[%emt 00:04:50]} 20.
Rc5 {[%clk 00:44:49]} {[%emt 00:03:55]} Nh6 {[%clk 00:30:25]} {[%emt 00:03:31]}
21. Rfc1 {[%clk 00:42:13]} {[%emt 00:03:05]} Nc6 {[%clk 00:27:34]} {[%emt
00:03:21]} 22. a3 {[%clk 00:37:51]} {[%emt 00:04:53]} a6 {[%clk 00:22:26]}
{[%emt 00:05:39]} 23. b4 {[%clk 00:35:12]} {[%emt 00:03:08]} Qa7 {[%clk
00:20:32]} {[%emt 00:02:24]} 24. Bh4 {[%clk 00:29:04]} {[%emt 00:06:37]} b6
{[%clk 00:14:08]} {[%emt 00:06:55]} 25. R5c2 {[%clk 00:26:05]} {[%emt
00:03:28]} Qb7 {[%clk 00:14:21]} {[%emt 00:00:19]} 26. Qd3 {[%clk 00:24:53]}
{[%emt 00:01:41]} Nb8 {[%clk 00:14:11]} {[%emt 00:00:40]} 27. Ng5 {[%clk
00:21:54]} {[%emt 00:03:29]} Nf7 {[%clk 00:13:08]} {[%emt 00:01:33]} 28. Nxf7
{[%clk 00:17:58]} {[%emt 00:04:26]} Kxf7 {[%clk 00:13:31]} {[%emt 00:00:08]} 29.
Qg3 {[%clk 00:16:44]} {[%emt 00:01:43]} Rxc2 {[%clk 00:12:14]} {[%emt
00:01:47]} 30. Rxc2 {[%clk 00:17:09]} {[%emt 00:00:05]} Rc8 {[%clk 00:09:54]}
{[%emt 00:02:50]} 31. Bh5+ {[%clk 00:09:52]} {[%emt 00:07:47]} g6 {[%clk
00:07:04]} {[%emt 00:03:20]} 32. Qg5 {[%clk 00:05:14]} {[%emt 00:05:08]} gxh5
{[%clk 00:00:53]} {[%emt 00:06:42]} 33. Qe7+ {[%clk 00:02:11]} {[%emt
00:03:32]} Kg8 {[%clk 00:01:17]} {[%emt 00:00:06]} 34. Bf6 {[%clk 00:01:57]}
{[%emt 00:00:44]} Bc6 {[%clk 00:01:37]} {[%emt 00:00:10]} 35. Qxe6+ {[%clk
00:02:12]} {[%emt 00:00:16]} Kf8 {[%clk 00:01:57]} {[%emt 00:00:10]} 36. Qxf5
{[%clk 00:02:10]} {[%emt 00:00:31]} Bd7 {[%clk 00:01:24]} {[%emt 00:01:03]} 37.
Qxh7 {[%clk 00:01:54]} {[%emt 00:00:46]} Bc6 {[%clk 00:00:51]} {[%emt
00:01:04]} 38. Qh6+ {[%clk 00:00:38]} {[%emt 00:01:46]} Ke8 {[%clk 00:00:56]}
{[%emt 00:00:25]} 39. f5 {[%clk 00:00:40]} {[%emt 00:00:27]} Nd7 {[%clk
00:00:38]} {[%emt 00:00:48]} 40. Qg6+ {[%clk 00:30:50]} {[%emt 00:00:20]} 1-0

[Event "Top 12 2021"]
[Site "Chalons en Champagne, France"]
[Date "2021.07.03"]
[Round "10.46"]
[White "Domenech, Vianney AGE"]
[Black "Devallee, Jeremie CCH"]
[Result "0-1"]
[WhiteElo "2265"]
[BlackElo "2220"]

1. d4 {[%clk 01:30:58]} Nf6 {[%clk 01:30:26]} {[%emt 00:00:34]} 2. Bg5 {[%clk
01:31:23]} {[%emt 00:00:06]} Ne4 {[%clk 01:18:59]} {[%emt 00:11:57]} 3. Bf4
{[%clk 01:31:31]} {[%emt 00:00:22]} c5 {[%clk 01:18:03]} {[%emt 00:01:25]} 4.
f3 {[%clk 01:31:00]} {[%emt 00:01:01]} Nf6 {[%clk 01:16:12]} {[%emt 00:02:21]}
5. d5 {[%clk 01:25:27]} {[%emt 00:06:04]} Qb6 {[%clk 01:07:44]} {[%emt
00:08:56]} 6. Nc3 {[%clk 01:23:30]} {[%emt 00:02:28]} Qxb2 {[%clk 00:58:42]}
{[%emt 00:09:32]} 7. Bd2 {[%clk 01:23:08]} {[%emt 00:00:51]} Qb6 {[%clk
00:58:10]} {[%emt 00:01:02]} 8. e4 {[%clk 01:22:59]} {[%emt 00:00:40]} d6
{[%clk 00:53:25]} {[%emt 00:05:15]} 9. f4 {[%clk 01:23:02]} {[%emt 00:00:27]}
e6 {[%clk 00:43:32]} {[%emt 00:10:22]} 10. dxe6 {[%clk 01:08:22]} {[%emt
00:15:11]} Bxe6 {[%clk 00:40:02]} {[%emt 00:04:00]} 11. Rb1 {[%clk 01:08:28]}
{[%emt 00:00:24]} Qc7 {[%clk 00:40:07]} {[%emt 00:00:24]} 12. f5 {[%clk
01:08:43]} {[%emt 00:00:16]} Bd7 {[%clk 00:38:27]} {[%emt 00:02:09]} 13. Bc4
{[%clk 00:58:57]} {[%emt 00:10:17]} Bc6 {[%clk 00:37:16]} {[%emt 00:01:39]} 14.
Nf3 {[%clk 00:47:29]} {[%emt 00:12:01]} Be7 {[%clk 00:35:57]} {[%emt 00:01:48]}
15. g4 {[%clk 00:33:36]} {[%emt 00:14:23]} Nxe4 {[%clk 00:26:41]} {[%emt
00:09:46]} 16. O-O {[%clk 00:28:12]} {[%emt 00:05:54]} Nxd2 {[%clk 00:24:21]}
{[%emt 00:02:49]} 17. Qxd2 {[%clk 00:28:09]} {[%emt 00:00:33]} O-O {[%clk
00:21:29]} {[%emt 00:03:22]} 18. g5 {[%clk 00:25:21]} {[%emt 00:03:19]} Kh8
{[%clk 00:21:52]} {[%emt 00:00:07]} 19. Qf4 {[%clk 00:14:29]} {[%emt 00:11:22]}
Nd7 {[%clk 00:15:15]} {[%emt 00:07:06]} 20. Nd5 {[%clk 00:12:49]} {[%emt
00:02:11]} Bxd5 {[%clk 00:15:39]} {[%emt 00:00:06]} 21. Bxd5 {[%clk 00:13:17]}
{[%emt 00:00:01]} Nb6 {[%clk 00:15:59]} {[%emt 00:00:10]} 22. Be4 {[%clk
00:13:27]} {[%emt 00:00:21]} Bd8 {[%clk 00:15:16]} {[%emt 00:01:13]} 23. Rb3
{[%clk 00:01:45]} {[%emt 00:12:12]} d5 {[%clk 00:15:34]} {[%emt 00:00:12]} 24.
Ne5 {[%clk 00:02:10]} {[%emt 00:00:05]} dxe4 {[%clk 00:12:08]} {[%emt
00:03:57]} 25. Rh3 {[%clk 00:02:21]} {[%emt 00:00:19]} Nd5 {[%clk 00:11:48]}
{[%emt 00:00:49]} 26. Qxe4 {[%clk 00:01:15]} {[%emt 00:01:36]} Bxg5 {[%clk
00:10:39]} {[%emt 00:01:39]} 27. Qxd5 {[%clk 00:00:58]} {[%emt 00:00:47]} Rad8
{[%clk 00:10:53]} {[%emt 00:00:15]} 28. Qe4 {[%clk 00:00:54]} {[%emt 00:00:35]}
Bf6 {[%clk 00:09:49]} {[%emt 00:01:33]} 29. Ng4 {[%clk 00:00:47]} {[%emt
00:00:37]} Bd4+ {[%clk 00:09:20]} {[%emt 00:00:59]} 30. Kh1 {[%clk 00:00:47]}
{[%emt 00:00:30]} Rfe8 {[%clk 00:09:04]} {[%emt 00:00:45]} 31. Qf3 {[%clk
00:00:38]} {[%emt 00:00:40]} Rd6 {[%clk 00:08:50]} {[%emt 00:00:44]} 32. c3
{[%clk 00:00:50]} {[%emt 00:00:18]} Bf6 {[%clk 00:08:41]} {[%emt 00:00:39]} 33.
Ne3 {[%clk 00:00:41]} {[%emt 00:00:40]} Qc6 {[%clk 00:09:03]} {[%emt 00:00:08]}
34. c4 {[%clk 00:00:37]} {[%emt 00:00:33]} Qxf3+ {[%clk 00:07:57]} {[%emt
00:01:36]} 35. Rfxf3 {[%clk 00:01:06]} {[%emt 00:00:01]} Rd2 {[%clk 00:08:10]}
{[%emt 00:00:16]} 36. a4 {[%clk 00:00:51]} {[%emt 00:00:45]} Ra2 {[%clk
00:07:49]} {[%emt 00:00:51]} 37. Rf1 {[%clk 00:00:40]} {[%emt 00:00:42]} Ra3
{[%clk 00:07:47]} {[%emt 00:00:32]} 38. Rff3 {[%clk 00:00:46]} {[%emt
00:00:24]} Bd4 {[%clk 00:08:08]} {[%emt 00:00:09]} 39. Nc2 {[%clk 00:00:48]}
{[%emt 00:00:29]} Ra1+ {[%clk 00:07:57]} {[%emt 00:00:40]} 0-1

[Event "Top 12 2021"]
[Site "Chalons en Champagne, France"]
[Date "2021.07.03"]
[Round "10.47"]
[White "Bilquez, Romain CCH"]
[Black "Roubert, Emile AGE"]
[Result "1/2-1/2"]
[WhiteElo "2276"]
[BlackElo "2067"]

1. e4 {[%clk 01:30:56]} {[%emt 00:00:03]} e5 {[%clk 01:30:57]} {[%emt
00:00:04]} 2. Nf3 {[%clk 01:31:20]} {[%emt 00:00:05]} Nc6 {[%clk 01:31:24]}
{[%emt 00:00:03]} 3. d4 {[%clk 01:31:44]} {[%emt 00:00:06]} exd4 {[%clk
01:31:49]} {[%emt 00:00:05]} 4. Bc4 {[%clk 01:32:11]} {[%emt 00:00:03]} Nf6
{[%clk 01:32:14]} {[%emt 00:00:05]} 5. O-O {[%clk 01:32:29]} {[%emt 00:00:12]}
Nxe4 {[%clk 01:32:34]} {[%emt 00:00:09]} 6. Re1 {[%clk 01:32:55]} {[%emt
00:00:04]} d5 {[%clk 01:32:57]} {[%emt 00:00:07]} 7. Bxd5 {[%clk 01:33:22]}
{[%emt 00:00:03]} Qxd5 {[%clk 01:33:20]} {[%emt 00:00:07]} 8. Nc3 {[%clk
01:33:49]} {[%emt 00:00:03]} Qd7 {[%clk 01:33:42]} {[%emt 00:00:07]} 9. Rxe4+
{[%clk 01:34:09]} {[%emt 00:00:11]} Be7 {[%clk 01:34:01]} {[%emt 00:00:09]} 10.
Nxd4 {[%clk 01:34:31]} {[%emt 00:00:09]} f5 {[%clk 01:34:06]} {[%emt 00:00:25]}
11. Rf4 {[%clk 01:34:54]} {[%emt 00:00:07]} O-O {[%clk 01:34:05]} {[%emt
00:00:31]} 12. Nxc6 {[%clk 01:35:13]} {[%emt 00:00:11]} Qxc6 {[%clk 01:34:22]}
{[%emt 00:00:12]} 13. Qd5+ {[%clk 01:35:37]} {[%emt 00:00:07]} Qxd5 {[%clk
01:30:32]} {[%emt 00:04:21]} 14. Nxd5 {[%clk 01:33:55]} {[%emt 00:02:10]} Bd6
{[%clk 01:28:55]} {[%emt 00:02:07]} 15. Rd4 {[%clk 01:34:18]} {[%emt 00:00:07]}
c6 {[%clk 00:49:18]} {[%emt 00:40:08]} 16. Nc3 {[%clk 01:14:14]} {[%emt
00:20:34]} Be5 {[%emt 00:00:33]} 17. Rd1 {[%emt 00:00:02]} Bd6 {[%emt
00:00:02]} 18. Rd4 Bc5 {[%emt 00:00:05]} 1/2-1/2

[Event "Top 12 2021"]
[Site "Chalons en Champagne, France"]
[Date "2021.07.03"]
[Round "10.48"]
[White "Gennesseaux, Gabrielle AGE"]
[Black "Abbassi, Zeneb CCH"]
[Result "0-1"]
[WhiteElo "1799"]
[BlackElo "1924"]

1. e4 {[%clk 01:30:56]} {[%emt 00:00:03]} e6 {[%clk 01:30:53]} {[%emt
00:00:07]} 2. d4 {[%clk 01:31:22]} {[%emt 00:00:05]} d5 {[%clk 01:31:18]}
{[%emt 00:00:05]} 3. exd5 {[%clk 01:31:41]} {[%emt 00:00:11]} exd5 {[%clk
01:31:39]} {[%emt 00:00:08]} 4. Nf3 {[%clk 01:31:58]} {[%emt 00:00:14]} Bd6
{[%clk 01:31:53]} {[%emt 00:00:16]} 5. c4 {[%clk 01:31:52]} {[%emt 00:00:36]}
Nf6 {[%clk 01:32:08]} {[%emt 00:00:15]} 6. c5 {[%clk 01:31:44]} {[%emt
00:00:38]} Be7 {[%clk 01:32:33]} {[%emt 00:00:05]} 7. Bd3 {[%clk 01:27:57]}
{[%emt 00:04:16]} b6 {[%clk 01:32:46]} {[%emt 00:00:16]} 8. cxb6 {[%clk
01:26:08]} {[%emt 00:02:20]} axb6 {[%clk 01:33:07]} {[%emt 00:00:09]} 9. O-O
{[%clk 01:25:45]} {[%emt 00:00:53]} O-O {[%clk 01:32:55]} {[%emt 00:00:42]} 10.
Bg5 {[%clk 01:23:52]} {[%emt 00:02:23]} Bg4 {[%clk 01:29:51]} {[%emt 00:03:34]}
11. Nbd2 {[%clk 01:22:03]} {[%emt 00:02:20]} c5 {[%clk 01:22:56]} {[%emt
00:07:25]} 12. Qc2 {[%clk 01:09:32]} {[%emt 00:13:01]} h6 {[%clk 01:16:13]}
{[%emt 00:07:13]} 13. Bh4 {[%clk 01:06:19]} {[%emt 00:03:42]} Nc6 {[%clk
01:14:57]} {[%emt 00:01:46]} 14. a3 {[%clk 00:52:20]} {[%emt 00:14:29]} Rc8
{[%clk 00:58:39]} {[%emt 00:16:47]} 15. dxc5 {[%clk 00:35:00]} {[%emt
00:17:50]} bxc5 {[%clk 00:55:48]} {[%emt 00:03:22]} 16. Rfe1 {[%clk 00:30:48]}
{[%emt 00:04:43]} Be6 {[%clk 00:48:10]} {[%emt 00:08:07]} 17. Bf5 {[%clk
00:25:52]} {[%emt 00:05:26]} Qd7 {[%clk 00:45:56]} {[%emt 00:02:43]} 18. Bxe6
{[%clk 00:25:07]} {[%emt 00:01:16]} fxe6 {[%clk 00:46:19]} {[%emt 00:00:07]} 19.
Rad1 {[%clk 00:24:36]} {[%emt 00:01:01]} Bd6 {[%clk 00:38:42]} {[%emt
00:08:07]} 20. Bg3 {[%clk 00:22:00]} {[%emt 00:03:06]} Rce8 {[%clk 00:35:58]}
{[%emt 00:03:12]} 21. Bxd6 {[%clk 00:21:35]} {[%emt 00:00:56]} Qxd6 {[%clk
00:36:25]} {[%emt 00:00:03]} 22. Nc4 {[%clk 00:21:50]} {[%emt 00:00:16]} Qc7
{[%clk 00:35:14]} {[%emt 00:01:40]} 23. Nce5 {[%clk 00:21:55]} {[%emt
00:00:25]} Nxe5 {[%clk 00:29:58]} {[%emt 00:05:46]} 24. Nxe5 {[%clk 00:22:14]}
{[%emt 00:00:11]} Ne4 {[%clk 00:30:12]} {[%emt 00:00:17]} 25. Ng4 {[%clk
00:15:39]} {[%emt 00:07:05]} h5 {[%clk 00:20:05]} {[%emt 00:10:37]} 26. f3
{[%clk 00:15:39]} {[%emt 00:00:31]} Ng5 {[%clk 00:18:19]} {[%emt 00:02:16]} 27.
Ne5 {[%clk 00:12:41]} {[%emt 00:03:27]} h4 {[%clk 00:14:28]} {[%emt 00:04:21]}
28. Qg6 {[%clk 00:11:34]} {[%emt 00:01:37]} Nh7 {[%clk 00:11:11]} {[%emt
00:03:47]} 29. Ng4 {[%clk 00:06:30]} {[%emt 00:05:34]} Qd7 {[%clk 00:08:54]}
{[%emt 00:02:47]} 30. Qh5 {[%clk 00:05:11]} {[%emt 00:01:49]} Rf5 {[%clk
00:07:11]} {[%emt 00:02:12]} 31. Qxh4 {[%clk 00:04:55]} {[%emt 00:00:47]} Ref8
{[%clk 00:05:19]} {[%emt 00:02:22]} 32. Ne5 {[%clk 00:02:05]} {[%emt 00:03:20]}
Qd6 {[%clk 00:05:10]} {[%emt 00:00:39]} 33. Ng4 {[%clk 00:01:02]} {[%emt
00:01:33]} e5 {[%clk 00:03:14]} {[%emt 00:02:26]} 34. Qg3 {[%clk 00:01:24]}
{[%emt 00:00:09]} Re8 {[%clk 00:01:41]} {[%emt 00:02:03]} 35. Ne3 {[%clk
00:01:48]} {[%emt 00:00:06]} Rg5 {[%clk 00:01:52]} {[%emt 00:00:18]} 36. Rxd5
{[%clk 00:01:32]} {[%emt 00:00:47]} Qc6 {[%clk 00:01:16]} {[%emt 00:01:05]} 37.
Qf2 {[%clk 00:00:39]} {[%emt 00:01:23]} Nf6 {[%clk 00:01:16]} {[%emt 00:00:31]}
38. Rd2 {[%clk 00:00:45]} {[%emt 00:00:23]} e4 {[%clk 00:01:23]} {[%emt
00:00:24]} 0-1